| 000 | 00408nam a22001697a 4500 | ||
|---|---|---|---|
| 003 | MACL | ||
| 005 | 20151226133808.0 | ||
| 008 | 151226b xxu||||| |||| 00| 0 eng d | ||
| 040 | _cMACL | ||
| 041 | _aEnglish | ||
| 082 | _a824/BAN | ||
| 100 |
_aBannerji Himani _94006 |
||
| 245 | _aDemography & Democracy | ||
| 260 |
_aNew Delhi _bOriental Black Swan _c2011 |
||
| 650 |
_aEssay _98946 |
||
| 942 |
_2ddc _cBK |
||
| 999 |
_c51928 _d51928 |
||